| 000 | 00921nam a2200229Ia 4500 | ||
|---|---|---|---|
| 999 |
_c41487 _d41487 |
||
| 001 | 8154 | ||
| 003 | GE_BSU | ||
| 005 | 20240320144718.0 | ||
| 008 | 181216s||||||||xx |||||||||||||| ||und|| | ||
| 020 | _a9789941932045 | ||
| 040 | _cGE_BSU | ||
| 041 | _ageo | ||
| 080 | _a37.01 ბ–29 | ||
| 100 |
_aბასილაძე, ნოდარ _95401 |
||
| 245 |
_aპედაგოგიკური კვლევის მეთოდები / _cნოდარ ბასილაძე ; რედ. შოთა მალაზონია. |
||
| 264 |
_aთბილისი : _bივერიონი, _c2013. |
||
| 300 |
_a79 გვ. ; _c20 სმ. |
||
| 653 | _aპედაგოგიკა | ||
| 653 | _aპედაგოგიკური კვლევის მეთოდები | ||
| 700 |
_aმალაზონია, შოთა _eრედაქტორი _921489 |
||
| 942 |
_cBK _2udc |
||